<?xml version="1.0" encoding="UTF-8"?>
<record
    xmlns:xsi="http://www.w3.org/2001/XMLSchema-instance"
    xsi:schemaLocation="http://www.loc.gov/MARC21/slim http://www.loc.gov/standards/marcxml/schema/MARC21slim.xsd"
    xmlns="http://www.loc.gov/MARC21/slim">

  <leader>02966nam a2200553Ia 4500</leader>
  <controlfield tag="001">7016</controlfield>
  <controlfield tag="008">241029s9999    xx            000 0 und d</controlfield>
  <datafield tag="010" ind1=" " ind2=" ">
    <subfield code="a">6637</subfield>
  </datafield>
  <datafield tag="041" ind1=" " ind2=" ">
    <subfield code="a">Espa&#xF1;ol</subfield>
  </datafield>
  <datafield tag="082" ind1=" " ind2=" ">
    <subfield code="a">NO APLICA</subfield>
  </datafield>
  <datafield tag="245" ind1=" " ind2="0">
    <subfield code="a">An&#xE1;lisis de los factores de gesti&#xF3;n que intervienen en la pr&#xE1;ctica docente de calidad en el nivel primario del Colegio Los Arbolitos, El Mill&#xF3;n, Santo Domingo, Rep&#xFA;blica Dominicana.</subfield>
  </datafield>
  <datafield tag="260" ind1=" " ind2=" ">
    <subfield code="a">Santo Domingo</subfield>
  </datafield>
  <datafield tag="300" ind1=" " ind2=" ">
    <subfield code="a">79</subfield>
  </datafield>
  <datafield tag="520" ind1=" " ind2=" ">
    <subfield code="a">67</subfield>
  </datafield>
  <datafield tag="630" ind1=" " ind2=" ">
    <subfield code="a">Calidad Educativa</subfield>
  </datafield>
  <datafield tag="630" ind1=" " ind2=" ">
    <subfield code="a">Gesti&#xF3;n</subfield>
  </datafield>
  <datafield tag="630" ind1=" " ind2=" ">
    <subfield code="a">Pr&#xE1;ctica Docente</subfield>
  </datafield>
  <datafield tag="650" ind1=" " ind2=" ">
    <subfield code="a">Gesti&#xF3;n Educativa</subfield>
  </datafield>
  <datafield tag="690" ind1=" " ind2=" ">
    <subfield code="a">Elaborado</subfield>
  </datafield>
  <datafield tag="700" ind1=" " ind2=" ">
    <subfield code="e">asesor</subfield>
    <subfield code="a">Uribe, Jos&#xE9;</subfield>
  </datafield>
  <datafield tag="700" ind1=" " ind2=" ">
    <subfield code="e">autor</subfield>
    <subfield code="a">De Bran , Juana</subfield>
  </datafield>
  <datafield tag="700" ind1=" " ind2=" ">
    <subfield code="e">autor</subfield>
    <subfield code="a">Jim&#xE9;nez, Andrea</subfield>
  </datafield>
  <datafield tag="901" ind1=" " ind2=" ">
    <subfield code="a">{"1":"De Bran ","2":"Jim&#xE9;nez"}</subfield>
    <subfield code="b">{"1":"Juana","2":"Andrea"}</subfield>
  </datafield>
  <datafield tag="902" ind1=" " ind2=" ">
    <subfield code="a">1</subfield>
  </datafield>
  <datafield tag="903" ind1=" " ind2=" ">
    <subfield code="a">{"1":"Uribe"}</subfield>
    <subfield code="b">{"1":"Jos&#xE9;"}</subfield>
  </datafield>
  <datafield tag="904" ind1=" " ind2=" ">
    <subfield code="a">Maestr&#xED;a en</subfield>
  </datafield>
  <datafield tag="905" ind1=" " ind2=" ">
    <subfield code="a">Educaci&#xF3;n</subfield>
  </datafield>
  <datafield tag="906" ind1=" " ind2=" ">
    <subfield code="a">1</subfield>
  </datafield>
  <datafield tag="907" ind1=" " ind2=" ">
    <subfield code="a">Menci&#xF3;n en</subfield>
  </datafield>
  <datafield tag="908" ind1=" " ind2=" ">
    <subfield code="a">Gesti&#xF3;n Educativa</subfield>
  </datafield>
  <datafield tag="909" ind1=" " ind2=" ">
    <subfield code="a">Universidad Nacional Evang&#xE9;lica (UNEV), Recinto Santo Domingo</subfield>
  </datafield>
  <datafield tag="910" ind1=" " ind2=" ">
    <subfield code="a">NULL</subfield>
    <subfield code="b">NULL</subfield>
  </datafield>
  <datafield tag="911" ind1=" " ind2=" ">
    <subfield code="a">["1"]</subfield>
  </datafield>
  <datafield tag="912" ind1=" " ind2=" ">
    <subfield code="a">NO APLICA</subfield>
  </datafield>
  <datafield tag="913" ind1=" " ind2=" ">
    <subfield code="a">NULL</subfield>
  </datafield>
  <datafield tag="914" ind1=" " ind2=" ">
    <subfield code="a">01 de Octubre de 2018</subfield>
  </datafield>
  <datafield tag="915" ind1=" " ind2=" ">
    <subfield code="a">15/11/19 07:11</subfield>
  </datafield>
  <datafield tag="916" ind1=" " ind2=" ">
    <subfield code="a">NULL</subfield>
  </datafield>
  <datafield tag="917" ind1=" " ind2=" ">
    <subfield code="a">NULL</subfield>
  </datafield>
  <datafield tag="918" ind1=" " ind2=" ">
    <subfield code="a">NO APLICA</subfield>
  </datafield>
  <datafield tag="919" ind1=" " ind2=" ">
    <subfield code="a">["29","111","162"]</subfield>
  </datafield>
  <datafield tag="520" ind1=" " ind2=" ">
    <subfield code="a">Esta investigaci&#xF3;n tuvo como objetivo analizar los factores de gesti&#xF3;n que intervienen en la pr&#xE1;ctica docente de calidad del nivel primario del Colegio Los Arbolitos, siendo este estudio bibliogr&#xE1;fico, basado en diferentes teor&#xED;as que sustentan la relaci&#xF3;n existente entre la gesti&#xF3;n y la pr&#xE1;ctica docente.&#xA0;Se utiliz&#xF3; una encuesta para recoger la informaci&#xF3;n y ser trabajada estad&#xED;sticamente, desde una perspectiva cuantitativa. Esta t&#xE9;cnica fue aplicada a docentes del centro de estudio con el objetivo de recoger informaci&#xF3;n sobre los factores de gesti&#xF3;n que se ponen de manifiesto en el centro para dar al traste con una pr&#xE1;ctica docente de calidad. Esta encuesta est&#xE1; basada en un listado de preguntas estrictamente estructuradas, se tom&#xF3;&#xA0; la poblaci&#xF3;n total, 10 docentes del nivel primario, el instrumento utilizado para la recolecci&#xF3;n de datos fue un cuestionario.&#xA0;Concluy&#xF3; que el equipo de gesti&#xF3;n del centro educativo tiene dominio de los factores de gesti&#xF3;n educativa, por lo cual los docentes encuestados consideran que la calidad de pr&#xE1;ctica docente del colegio est&#xE1; en proceso de adaptaci&#xF3;n y revisi&#xF3;n de los procesos.&#xA0;Se recomend&#xF3; apoyar y aprovechar el talento de sus docentes, brindando espacios para que dise&#xF1;en sus clases; propiciar el intercambio sistem&#xE1;tico de experiencias, la b&#xFA;squeda conjunta de soluciones a los problemas encontrados y de pr&#xE1;cticas m&#xE1;s apropiadas para lograr m&#xE1;s y mejores aprendizajes.</subfield>
  </datafield>
  <datafield tag="921" ind1=" " ind2=" ">
    <subfield code="a">63</subfield>
  </datafield>
  <datafield tag="922" ind1=" " ind2=" ">
    <subfield code="a">63</subfield>
  </datafield>
  <datafield tag="923" ind1=" " ind2=" ">
    <subfield code="a">1</subfield>
  </datafield>
  <datafield tag="924" ind1=" " ind2=" ">
    <subfield code="a">20191113021203</subfield>
  </datafield>
  <datafield tag="942" ind1=" " ind2=" ">
    <subfield code="c">Tesis</subfield>
  </datafield>
  <datafield tag="999" ind1=" " ind2=" ">
    <subfield code="c">6637</subfield>
    <subfield code="d">6637</subfield>
  </datafield>
</record>
